00302nam a22001097a 4500020001800000082002200018100002200040245008100062250000900143260003200152300000800184 a9781466511736 a664.02853bCRA/FO aCramer,Michael M. aFood Plant Sanitation: Design, Maintenance, and Good Manufacturing Practices a2 nd aBoca RatonbCRC Pressc2013 a291